000 00680nam a2200289Ia 4500
005 20260324150108.0
008 008 260324s9999 xx 000 0 eng d
020 _a9781003135609
037 _aEBOOK
040 _aCRL
040 _beng
040 _cCRL
041 _2eng
041 _aeng
084 _qCRL
100 _aLouise Morauta
_91225244
245 0 _aBeyond the Village
245 0 _bLocal Politics in Madang, Papua New Guinea
260 _bTaylor and Francis
260 _c1974
365 _a
365 _b180
856 _uhttp://www.taylorfrancis.com/books/9781003135609
942 _cEBOOK
999 _c1834115
_d1834115